| 000 | 01371cam a22003494a 4500 | ||
|---|---|---|---|
| 001 | 13842539 | ||
| 003 | OSt | ||
| 005 | 20160527112046.0 | ||
| 008 | 050114s2005 nyua 001 0 eng | ||
| 010 | _a 2005042499 | ||
| 020 | _a0743224892 | ||
| 040 |
_aDLC _cDLC _dDLC |
||
| 042 | _apcc | ||
| 050 | 0 | 0 |
_aHG4529 _b.C727 2005 |
| 082 | 0 | 0 |
_a332.6 _222 |
| 100 | 1 | _aCramer, Jim. | |
| 245 | 1 | 0 |
_aJim Cramer's real money :sane investing in an insane world / : _cJames J. Cramer. |
| 246 | 3 | 0 | _aReal money |
| 260 |
_aNew York : _bSimon & Schuster, _cc2005. |
||
| 300 |
_aix, 300 p. : _bill. ; _c25 cm. |
||
| 500 | _aIncludes index. | ||
| 650 | 0 | _aInvestment analysis. | |
| 650 | 0 | _aPortfolio management. | |
| 650 | 0 | _aInvestments. | |
| 856 | 4 | 1 |
_3Table of contents only _uhttp://www.loc.gov/catdir/toc/fy053/2005042499.html |
| 856 | 4 | 2 |
_3Publisher description _uhttp://www.loc.gov/catdir/enhancements/fy0631/2005042499-d.html |
| 856 | 4 | 1 |
_3Sample text _uhttp://www.loc.gov/catdir/enhancements/fy0641/2005042499-s.html |
| 856 | 4 | 2 |
_3Contributor biographical information _uhttp://www.loc.gov/catdir/enhancements/fy0902/2005042499-b.html |
| 906 |
_a7 _bcbc _corignew _d1 _eocip _f20 _gy-gencatlg |
||
| 942 |
_2lcc _cREF |
||
| 999 |
_c250240 _d250240 |
||